Name the Swords in Lord of the Rings Quiz Stats

 Plays Quiz not verified by Sporcle

Challenge
Share
Tweet
Embed
Score 0/7 Timer 05:00
0 Plays Today
Hint Answer % Correct
Held by FrodoSting
100%
Held by AragornAnduril
96.7%
Held by GandalfGlamdring
90%
Held by ThorinOrcrist
66.7%
Held by TheodenHerugrim
13.3%
Held by EomerGuthwine
13.3%
Held by Elrond & ArwenHadhafang
6.7%

You're not logged in!

Compare scores with friends on all Sporcle quizzes.
Join for Free
OR
Log In

You Might Also Like...

Show Comments

Extras

Created Feb 22, 2017ReportNominate
Tags:lord, ring, sword

Top Quizzes Today


Score Distribution

Your Account Isn't Verified!

In order to create a playlist on Sporcle, you need to verify the email address you used during registration. Go to your Sporcle Settings to finish the process.

Report this User

Report this user for behavior that violates our Community Guidelines.

Details: